Annie Sullivan and the trials of Helen Keller / (Record no. 2753)

MARC details
000 -LEADER
fixed length control field 00891cam a22002774a 4500
005 - DATE AND TIME OF LATEST TRANSACTION
control field 20240112114218.0
020 ## - INTERNATIONAL STANDARD BOOK NUMBER
International Standard Book Number 9780545600323
040 ## - CATALOGING SOURCE
Original cataloging agency DLC
Transcribing agency DLC
Modifying agency eng
050 00 - LIBRARY OF CONGRESS CALL NUMBER
Classification number HQ1412
Item number .L34 2012
082 00 - DEWEY DECIMAL CLASSIFICATION NUMBER
Classification number 362.4/1092
-- B
Edition number 23
100 1# - MAIN ENTRY--PERSONAL NAME
Personal name Lambert, Joseph
Dates associated with a name 1984-
245 14 - TITLE STATEMENT
Title Annie Sullivan and the trials of Helen Keller /
Statement of responsibility, etc. by Joseph Lambert
260 ## - PUBLICATION, DISTRIBUTION, ETC.
Place of publication, distribution, etc. New York :
Name of publisher, distributor, etc. Scholastic,
Date of publication, distribution, etc. 2012
300 ## - PHYSICAL DESCRIPTION
Extent 92 pages ;
Other physical details color illustrations ;
Dimensions 25 cm
505 ## - FORMATTED CONTENTS NOTE
Formatted contents note M
520 ## - SUMMARY, ETC.
Summary, etc. The story of Annie Sullivan and Helen Keller presented in graphic format.
521 ## - TARGET AUDIENCE NOTE
Target audience note 630
Source Lexile
521 ## - TARGET AUDIENCE NOTE
Target audience note M
Source Raz-Plus
650 #0 - SUBJECT ADDED ENTRY--TOPICAL TERM
Topical term or geographic name entry element Women
Geographic subdivision United States
Form subdivision Biography.
650 #0 - SUBJECT ADDED ENTRY--TOPICAL TERM
Topical term or geographic name entry element Women
Geographic subdivision United States
General subdivision History.
650 #0 - SUBJECT ADDED ENTRY--TOPICAL TERM
Topical term or geographic name entry element Female friendship
Geographic subdivision United States
General subdivision History.
650 #0 - SUBJECT ADDED ENTRY--TOPICAL TERM
Topical term or geographic name entry element Graphic novels.
906 ## - LOCAL DATA ELEMENT F, LDF (RLIN)
a 7
b cbc
c orignew
d 1
e ecip
f 20
g y-gencatlg
942 ## - ADDED ENTRY ELEMENTS (KOHA)
Source of classification or shelving scheme Dewey Decimal Classification
Koha item type Books
Suppress in OPAC No
999 ## -
-- 2753
-- 2753
Holdings
Withdrawn status Lost status Source of classification or shelving scheme Damaged status Not for loan Collection Home library Current library Shelving location Date acquired Total Checkouts Full call number Barcode Date last seen Date last checked out Price effective from Koha item type
    Dewey Decimal Classification     Juvenile Fiction Footprints International School Library Network Toul Kork Campus Footprints International School Library Network Toul Kork Campus   01/12/2024 2 LAM 362.4/1092 HQ1412 FISSE02201 04/10/2025 02/06/2024 01/12/2024 Books